02572nam a22002417a 4500008004100000020001800041040000800059041000800067050001000075100004000085245013400125260005200259300006100311505047900372520106200851650004501913650003301958700003801991856013902029942000802168952013902176999001502315260112b |||||||| |||| 00| 0 eng d a9781800649392 ctbs aeng aQA273 aNavarro, Danielle J.926592eauthor aLearning statistics with Jamovib: a tutorial for beginners in statistical analysisc/ Danielle J. Navarro and David R. Foxcroft. aCambridge, UK : bOpen Book Publishers, c2025. a495 pages :billustrations, charts, tables (some color). aWhy do we learn statistics — A brief introduction to research design — Getting started with jamovi — Descriptive statistics — Drawing graphs — Pragmatic matters — Introduction to probability — Estimating unknown quantities from a sample — Hypothesis testing — Categorical data analysis — Comparing two means — Correlation and linear regression — Comparing several means (one-way ANOVA) — Factorial ANOVA — Factor Analysis — Bayesian statistics. aBased on Danielle Navarro's widely acclaimed and prize-winning book Learning Statistics with R, this elegantly designed textbook offers undergraduate students a thorough and accessible introduction to jamovi, as well as how to get to grips with statistics and data manipulation. Lucid and easy to understand, Learning Statistics with jamovi covers the analysis of contingency tables, t-tests, correlation, regression, ANOVA and factor analysis, while also giving students a firm grounding in descriptive statistics and graphing. It includes learning aids for applying statistical principles using the jamovi interface, as well as embedded data files to accompany the book, and comprehensive chapters on probability theory, sampling and estimation, and null hypothesis testing. Freely available in open access, Learning Statistics with jamovi is an ideal introduction for undergraduate and postgraduate students of psychology, as well as behavioural and health science students and anyone who needs to understand and use statistical analysis in their work. 0aJamovi (Computer file)vTextbooks926593 0aStatistics xTextbooks92168 aFoxcroft, David R.926594eauthor uhttps://www.openbookpublishers.com/books/10.11647/obp.0333zOpen-access book published under the Creative Commons CC BY-SA 4.0 license 2lcc 00102lcc4070aTBSbTBSd2026-01-12l0r2026-01-12t1uhttps://www.openbookpublishers.com/books/10.11647/obp.0333w2026-01-12yEBOOK c5205d5205